000 00299nam a2200121Ia 4500
005 20251222142023.0
008 251222s9999||||xx |||||||||||||| ||spa||
082 _a985.04/A34
100 _aAlayza Paz Soldán, Luis
245 0 _aEl Egregio Limeño Morales y Duarez
264 _bLuman
942 _cLIB
999 _c10719
_d10719